The Poe shadow [sound recording] / by Pearl Matthew.
Record details
- ISBN: 1419380427
- Physical Description: 13 sound discs (14.75 hr.) : digital ; 4 3/4 in.
- Edition: Unabridged.
- Publisher: Prince Frederick, Md. : Recorded Books, p2006.
Content descriptions
| Participant or Performer Note: | Performed by Erik Singer. |
| System Details Note: | Compact disc. |
Search for related items by subject
| Subject: | Poe, Edgar Allan, 1809-1849 > Death and burial > Fiction. Authors, American > 19th century > Death > Fiction. Audiobooks. |
| LDR | 01068nim a2200325 a 4500 | ||
|---|---|---|---|
| 001 | 119884 | ||
| 003 | CONS | ||
| 005 | 20140703092840.0 | ||
| 007 | sd fungnnmmned | ||
| 008 | 060314s2006 mdunnn f eng d | ||
| 020 | . | ‡z9781419380426 | |
| 020 | . | ‡a1419380427 | |
| 024 | 3 | . | ‡z9781419380426 |
| 028 | 0 | 1. | ‡aC3633 ‡bRecorded Books |
| 035 | . | ‡a(CPomAG)LMN394427 | |
| 043 | . | ‡an-us-md | |
| 100 | 1 | . | ‡aPearl, Matthew |
| 245 | 1 | 4. | ‡aThe Poe shadow ‡h[sound recording] / ‡cby Pearl Matthew. |
| 250 | . | ‡aUnabridged. | |
| 260 | . | ‡aPrince Frederick, Md. : ‡bRecorded Books, ‡cp2006. | |
| 300 | . | ‡a13 sound discs (14.75 hr.) : ‡bdigital ; ‡c4 3/4 in. | |
| 538 | . | ‡aCompact disc. | |
| 511 | 1 | . | ‡aPerformed by Erik Singer. |
| 600 | 1 | 0. | ‡aPoe, Edgar Allan, ‡d1809-1849 ‡xDeath and burial ‡vFiction. |
| 650 | 0. | ‡aAuthors, American ‡y19th century ‡xDeath ‡vFiction. | |
| 650 | 0. | ‡aAudiobooks. | |
| 700 | 1 | . | ‡aSinger, Erik. |
| 914 | . | ‡aScp_ds | |
| 959 | . | ‡i32269000756323 ‡lBK/CD Pea ‡aAdult - Audiobook ‡tAudiobook ‡g119.75 | |
| 852 | . | ‡p32269000756323 ‡jBK/CD Pea ‡gAdult - Audiobook ‡cAudiobook ‡y119.75 ‡bSBPL | |
| 901 | . | ‡a119884 ‡bUnknown ‡c119884 ‡tbiblio | |